000 00604nam a22001937i 4500
001 3486
003 OSt
005 20170126082319.0
007 tu
008 161220s1997 xxu||||| |||| 00| 0 d
024 7 _a3485
_2RID
040 _cOSt
084 _a8.23
_a13.4
_a19.33
_2z
245 0 0 _aInternational Comparison of Gross Domestic Product in Europe 1993. Results of the European Comparison Programme
260 _aNew York,
_c1997.
300 _a141 S. ;
_c30cm.
490 _aConference of European Statisticians / Statistical Standards and Studies
_v47
110 2 _aUnited Nations Statistical Commission
_eEd.
942 _cB
999 _c3436
_d3436